000 00500nam a2200181Ia 4500
008 100920s9999 xx 000 0 und d
082 _b77409
_a28 व 7 0
100 _aTWIN MARK.
245 _aHUCKLEBERRY FINN.
260 _bHAR-ANAND PUBLICATIONS, NEW DELHI.
_c0
300 _a92
_bसाधी
365 _b25
520 _aबा.वि.स्टोरी.
630 _aHUCKLEBERRY FINN.
650 _aबा.वि.स्टोरी.
730 _aHUCKLEBERRY FINN.
942 _cBOOK
999 _c718697
_d718694